00427 2200157 4500001002100000005001500021035002000036245006000056100001800116300002800134260004800162082000800210084001400218020002200232990001500254INLIS00000000000314420251119073307 a0010-11250000051 aRezeki Level 9 :bThe Ultimate Fortune /cAndre Raditya0 aAndre Raditya a156 hlm ;c15,5 x 24 cm aJakarta :bPT. Elex Media Komputindo,c2016 a200 a200 AND r a978-602-02-8969-4 a19595/H/26